World of Warcraft - les sorts du voleur - Statistiques

Statistiques générales
  • Ce quiz a été pris 4 fois
  • Le résultat moyen est 27 sur 66
Statistiques - réponses
Indice Réponse % Correct
Sort de base Assommer
100%
Sort de base Sprint
100%
Arbre de talent de classe Cécité
75%
Sort de base Coup de pied
75%
Sort de base Disparition
75%
Sort de base Vol à la tire
75%
Sort de base Aiguillon perfide
50%
Sort de base Camouflage
50%
Arbre de talent de classe Cape d'ombre
50%
Sort de base Coup bas
50%
Sort de base Hors-la-loi Coup de pistolet
50%
Sort de base Crochetage
50%
Sort de base Finesse Danse de l'ombre
50%
Sort de base Hors-la-loi Déluge de lames
50%
Sort de base Hors-la-loi Entre les deux yeux
50%
Sort de base Assassinat Envenimer
50%
Sort de base Assassinat Estropier
50%
Arbre de talent de classe Évasion
50%
Sort de base Assassinat Éventail de couteaux
50%
Sort de base Feinte
50%
Arbre de talent de classe Ficelles du métier
50%
Sort de base Fiole cramoisie
50%
Sort de base Finesse Frappe-ténèbres
50%
Sort de base Assassinat Garrot
50%
Sort de base Hors-la-loi Grappin
50%
Arbre de talent de classe Kriss
50%
Arbre de talent Finesse Lames de l'ombre
50%
Arbre de talent Assassinat Plaie des rois
50%
Arbre de talent de classe Poison atrophiant
50%
Sort de base Finesse Poudre noire
50%
Sort de base Assassinat et Finesse Rupture
50%
Arbre de talent de classe Sang froid
50%
Arbre de talent Hors-la-loi Série meurtrière
50%
Arbre de talent de classe Suriner
50%
Sort de base Finesse Symboles de mort
50%
Arbre de talent Assassinat Tempête cramoisie
50%
Sort de base Attaque pernicieuse
25%
Sort de base Finesse Attaque sournoise
25%
Sort de base Hors-la-loi Couperet
25%
Sort de base Assassinat Couteau empoisonné
25%
Sort de base Débiter
25%
Sort de base Détection
25%
Sort de base Distraction
25%
Sort de base Éviscération
25%
Arbre de talent Hors-la-loi Frappe fantomatique
25%
Sort de base Hors-la-loi Jet d'osselets
25%
Sort de base Finesse Lancer de shuriken
25%
Arbre de talent Assassinat Marque létale
25%
Arbre de talent Finesse Morsure de Gueulétripe
25%
Arbre de talent Hors-la-loi Osselets relancés
25%
Sort de base Poison affaiblissant
25%
Arbre de talent Assassinat Poison amplifiant
25%
Arbre de talent de classe Poison ankylosant
25%
Sort de base Poison douloureux
25%
Sort de base Poison instantané
25%
Arbre de talent Assassinat Poison mortel
25%
Arbre de talent Hors-la-loi Poussée d'adrénaline
25%
Arbre de talent Finesse Technique secrète
25%
Sort de base Finesse Tempête de shurikens
25%
Arbre de talent de classe Thé de chardon
25%
Arbre de talent Finesse Triste-lame
25%
Sort de base Voile de dissimulation
25%
Arbre de talent Hors-la-loi Volée de lames
25%
Sort de base Embuscade
0%
Arbre de talent Finesse Flagellation
0%
Arbre de talent Finesse Tornade de shurikens
0%
Aucun quiz correspondant
Distribution des résultats
% des personnes avec chaque résultat
Percentile par nombre de réponses
Votre historique - résultats
Vous n’avez pas pris ce quiz